00529 2200193 4500001002100000005001500021035002000036007000300056008004100059020000600100082001200106084001900118100002500137245005800162250001100220260004900231300003500280650002000315INLIS00000000000198620260128101746 a0010-0126000028ta260128 g 0 ind  a- a297.261 a297.261 RAE. p0 adr. Raehanul Bahraen1 aPsikologi Islam Yang Sempurna /cdr. Raehanul Bahraen aCet. 1 aYogyakarta :bMuslimafiyah Publishing,c2018 axii + 206 hlm. ;c14 x 20.5 cm aPsikologi Islam